Electronic Devices (Record no. 610231)

000 -LEADER
fixed length control field 00396nam a22001457a 4500
020 ## - INTERNATIONAL STANDARD BOOK NUMBER
International Standard Book Number 9789332545496
040 ## - CATALOGING SOURCE
Transcribing agency NUST
082 ## - DEWEY DECIMAL CLASSIFICATION NUMBER
Classification number 621.381521
Author Mark FCO
100 ## - MAIN ENTRY--PERSONAL NAME
Personal name Floyd Thomas L.
9 (RLIN) 10192
245 ## - TITLE STATEMENT
Title Electronic Devices
Remainder of title Conventional Current Version
250 ## - EDITION STATEMENT
Edition statement 9th Edition
260 ## - PUBLICATION, DISTRIBUTION, ETC.
Place of publication, distribution, etc. Dehli:
Date of publication, distribution, etc. 2015.
Name of publisher, distributor, etc. Pearson India Education,
650 ## - SUBJECT ADDED ENTRY--TOPICAL TERM
Topical term or geographic name entry element Electronic Devices
9 (RLIN) 58176
942 ## - ADDED ENTRY ELEMENTS (KOHA)
Source of classification or shelving scheme
Koha item type Book
Holdings
Withdrawn status Lost status Source of classification or shelving scheme Damaged status Not for loan Permanent Location Current Location Shelving location Date acquired Total Checkouts Full call number Barcode Date last seen Price effective from Koha item type
          College of Electrical & Mechanical Engineering (CEME) College of Electrical & Mechanical Engineering (CEME) General Stacks 07/10/2024   621.381521 FCO CEME- 48029 07/10/2024 07/10/2024 Book
© 2023 Central Library, National University of Sciences and Technology. All Rights Reserved.